SAS/STAT user's guide : (Record no. 351672)

000 -LEADER
fixed length control field 00873nam a2200301 a 4500
001 - CONTROL NUMBER
control field 1070515
003 - CONTROL NUMBER IDENTIFIER
control field OSt
005 - DATE AND TIME OF LATEST TRANSACTION
control field 20180116183052.0
008 - FIXED-LENGTH DATA ELEMENTS--GENERAL INFORMATION
fixed length control field 900529s1990 ncua b 001 0 eng d
020 ## - INTERNATIONAL STANDARD BOOK NUMBER
International Standard Book Number 1555443761
035 ## - SYSTEM CONTROL NUMBER
System control number (OCoLC)ocm21615649
035 ## - SYSTEM CONTROL NUMBER
System control number (CStRLIN)NYCG92-B19464
040 ## - CATALOGING SOURCE
Original cataloging agency NRC
Transcribing agency NRC
Modifying agency WAU
082 ## - DEWEY DECIMAL CLASSIFICATION NUMBER
Classification number 005.36 SAS 1990
100 ## - MAIN ENTRY--PERSONAL NAME
Personal name SAS/STAT
245 00 - TITLE STATEMENT
Title SAS/STAT user's guide :
Remainder of title version 6.
250 ## - EDITION STATEMENT
Edition statement 4th ed.
260 ## - PUBLICATION, DISTRIBUTION, ETC.
Place of publication, distribution, etc. Cary, NC :
Name of publisher, distributor, etc. SAS Institute Inc.,
Date of publication, distribution, etc. c1990.
300 ## - PHYSICAL DESCRIPTION
Extent 2 v. :
Other physical details ill. ;
Dimensions 28 cm.
440 ## - SERIES STATEMENT/ADDED ENTRY--TITLE
Title SAS/STAT user's guide version 6.
Number of part/section of a work Volume 2
504 ## - BIBLIOGRAPHY, ETC. NOTE
Bibliography, etc. note Includes bibliographical references and indexes.
630 00 - SUBJECT ADDED ENTRY--UNIFORM TITLE
Uniform title SAS (Computer file)
650 #0 - SUBJECT ADDED ENTRY--TOPICAL TERM
Topical term or geographic name entry element Mathematical statistics
General subdivision Data processing.
650 #0 - SUBJECT ADDED ENTRY--TOPICAL TERM
Topical term or geographic name entry element Statistics
General subdivision Data processing.
710 2# - ADDED ENTRY--CORPORATE NAME
Corporate name or jurisdiction name as entry element SAS Institute.
942 ## - ADDED ENTRY ELEMENTS (KOHA)
Source of classification or shelving scheme
Koha item type Book
Holdings
Withdrawn status Lost status Source of classification or shelving scheme Damaged status Not for loan Collection code Permanent Location Current Location Shelving location Date acquired Total Checkouts Full call number Barcode Date last seen Date last checked out Price effective from Koha item type
            Central Library (CL) Central Library (CL) First Floor - Software Engineering/ Programming Language 08/30/2016 1 005.36 SAS 1990 NBSP-94 11/22/2017 07/18/2017 08/30/2016 Reference
          Computer Science Central Library (CL) Central Library (CL) First Floor - Computer Science 09/29/2016   001.64 SAS 1990 NBSP-93 09/29/2016   09/29/2016 Reference
© 2023 Central Library, National University of Sciences and Technology. All Rights Reserved.